000 00458nam a2200193Ia 4500
005 20250425160936.0
008 250425s9999 xx 000 0 und d
020 _a0080272940
041 _aeng
082 _a621
100 _aSHAWKI, G. S.A.
245 0 _aCURRENT ADVANCES IN MECHANICAL DESIGN AND PRODUCTION
250 _a1ST ED.
260 _aEXETER
260 _aReino Unido
_bPERGAMON
_c1981
300 _a496
942 _c01
010 _a8912
999 _c199319
_d199319